Marvel Hero's By Photo - Statistics

General Stats
  • This quiz has been taken 1,122 times
  • The average score is 15 of 16
Answer Stats
Picture Answer % Correct
Hulk
100%
Iron Man
100%
Captain America
99%
Spiderman
99%
Thor
99%
Ant-Man
98%
Black Widow
98%
Doctor Strange
97%
Groot
96%
Hawkeye
96%
Rocket Raccoon
94%
Star Lord
91%
Winter Soldier
90%
Falcon
89%
Gamora
89%
Drax
88%
No matching quizzes found
Score Distribution
Percent of People with Each Score
Percentile by Number Answered
Your Score History
You have not taken this quiz